000 00736nam a2200289 a 4500
003 AR-BaBNM
005 20251128203748.0
008 082120s2002 ||||||||||||||000 | spa||
040 _cAR-BaBNM
100 1 _aGascó Contell, Emilio
245 0 0 _aLa vida y la obra de Massenet
260 _aParís
_bFranco-Ibero-Americana
_c[s.f.]
300 _a188 p.
_bláms.
490 0 _aLos grandes músicos
650 4 _aBIOGRAFIAS
650 4 _aMUSICOS
650 4 _aHISTORIA DE LA MUSICA
650 4 _aMUSICA CLASICA
650 4 _aSIGLO DIECINUEVE
650 4 _aOPERA
650 4 _aFORMAS MUSICALES
651 4 _aFrancia
655 _aBIOGRAFIAS
800 1 _aSaint-Saens, Camilo
_edirector
942 _cBK
998 _cMARTIN
999 _c4834
_d4834